| Tag |
First Indicator |
Second Indicator |
Subfields |
| LEADER |
00000cam a2200000I 4500 |
| 001 |
in00002070813 |
| 005 |
20151101191414.0 |
| 008 |
790517s1972 ru a 000 1 rusr |
| 010 |
|
|
|a 73307255
|
| 015 |
|
|
|a USSR 72-VKP
|
| 020 |
|
|
|c 0.89rub
|
| 035 |
|
|
|a (OCoLC)ocm04975191
|
| 040 |
|
|
|a DLC
|c TJC
|d TJC
|d OCL
|d OCLCQ
|d TXA
|d UtOrBLW
|
| 049 |
|
|
|a TXAM
|
| 050 |
|
0 |
|a PG3476.G827
|b S8
|
| 100 |
1 |
|
|a Gulia, Georgiĭ Dmitrievich,
|d 1913-
|
| 245 |
1 |
0 |
|a Sulla. :
|b Ist. roman /
|c [Il.: N.I. Grishin].
|
| 264 |
|
1 |
|a Moskva :
|b "Sov. pisatelʹ,",
|c 1972.
|
| 300 |
|
|
|a 347 pages :
|b with illustrations ;
|c 20 cm.
|
| 336 |
|
|
|a text
|b txt
|2 rdacontent
|
| 337 |
|
|
|a unmediated
|b n
|2 rdamedia
|
| 338 |
|
|
|a volume
|b nc
|2 rdacarrier
|
| 500 |
|
|
|a At head of title: Georgiĭ Gulia.
|
| 500 |
|
|
|a Russian in Cyrillic script.
|
| 600 |
1 |
0 |
|a Sulla, Lucius Cornelius
|v Fiction.
|
| 948 |
|
|
|a cataloged
|b h
|c 2005/7/14
|d c
|e tchubaryan
|f 10:20:22 am
|
| 994 |
|
|
|a C0
|b TXA
|
| 999 |
|
|
|a MARS
|
| 999 |
f |
f |
|s 841651af-3e45-36e3-98be-9db109e454fe
|i 426d1c14-94e2-3132-9b3a-6de2b870ae68
|t 0
|
| 952 |
f |
f |
|p ric
|a Texas A&M University
|b Rellis Campus
|c Joint Library Facility
|d Remote Storage
|t 0
|e PG3476.G827 S8
|h Library of Congress classification
|i unmediated -- volume
|m A14833106395
|
| 998 |
f |
f |
|a PG3476.G827 S8
|t 0
|l Remote Storage
|